Albert Nobbs /

Dublino, 1898. Albert Nobbs, cameriere presso l'hotel della Duchessa Baker, è in realtà una donna che si traveste da uomo per poter lavorare. Nessuno sospetta di lui, e anzi egli è conosciuto per la sua solerzia ed educazione; Albert ha in mente di acquistare un negozio e mettersi in proprio, e perc...

Mô tả đầy đủ

Đã lưu trong:
Chi tiết về thư mục
Tác giả chính: Byrne, Brian (compositore) (Nhà soạn nhạc)
Tác giả khác: Banville, John (Người viết kịch bản), McDonough, Michael (Nhiếp ảnh gia), Johnson, Aaron (Diễn viên), Prekop, Gabriella (Người viết kịch bản), Close, Glenn (Diễn viên), Wasikowska, Mia (Diễn viên), Garcia, Rodrigo (Giám đốc), McTeer, Janet (Diễn viên)
Định dạng: Luận văn Slide
Ngôn ngữ:Tiếng Italy
Tiếng Anh
Được phát hành: [Milano] : Eagle Pictures, ©2012
Các nhãn: Thêm thẻ
Không có thẻ, Là người đầu tiên thẻ bản ghi này!

MARC

LEADER 00000ngm a22000007i 4500
001 IT\ICCU\MOD\1602094
003 ItRI
005 20260124182842.0
008 120616s2012 it |||||||||||||||k|||||c
024 3 1 |a 8031179934492 
028 4 2 |a 863449CNDO 
028 4 2 |a 863449CVDO 
040 |b ita 
041 7 |a ita  |a eng  |2 ISO-639-2 
082 |a 791.43  |9 CINEMA  |2 19 
130 0 |a Albert Nobbs <film ; 2011>  |3 IT\ICCU\MOD\1602095 
245 0 0 |a Albert Nobbs /  |c diretto da Rodrigo Garcia ; tratto da un romanzo di George Moore ; musiche Brian Byrne ; direttore della fotografia Michael McDonough ; sceneggiatura Gabriella Prekop, John Banville e Glenn Close. 
260 |a [Milano] :  |b Eagle Pictures,  |c ©2012 
300 |a 1 DVD-Video (113 min) :  |b color., sonoro ;  |c in contenitore, 19 cm 
500 |a Caratteristiche tecniche: regione 2; sistema e formato video: PAL; video 2.35:1, 16/9; audio: Dolby digital 5.1 
500 |a Titolo del contenitore 
500 |a Produzione cinematografica Gran Bretagna/Irlanda/Francia/USA 2011 
500 |a Interpreti: Glenn Close, Mia Wasikowska, Aaron Johnson, Janet McTeer 
500 |a Lingue: italiano, inglese; sottotitoli: italiano, italiano per non udenti, inglese 
500 |a anche sceneggiatore  |0 IT\ICCU\RAVV\088430 
502 |a Extra: Interviste al regista e al cast 
520 |a Dublino, 1898. Albert Nobbs, cameriere presso l'hotel della Duchessa Baker, è in realtà una donna che si traveste da uomo per poter lavorare. Nessuno sospetta di lui, e anzi egli è conosciuto per la sua solerzia ed educazione; Albert ha in mente di acquistare un negozio e mettersi in proprio, e perché ciò avvenga risparmia tutto ciò che guadagna nascondendo i soldi sotto un asse del pavimento in legno della sua camera. 
700 1 |a Banville, John  |0 IT\ICCU\CFIV\040492  |4 sce 
700 1 |a McDonough, Michael  |0 IT\ICCU\MILV\235286  |4 pht 
700 1 |a Johnson, Aaron  |0 IT\ICCU\MODV\585147  |4 act 
700 1 |a Byrne, Brian  |c  (compositore)  |0 IT\ICCU\MODV\649299  |4 cmp 
700 1 |a Prekop, Gabriella  |0 IT\ICCU\MODV\649300  |4 sce 
700 1 |a Close, Glenn  |0 IT\ICCU\RAVV\088430  |4 act 
700 1 |a Wasikowska, Mia  |0 IT\ICCU\RAVV\662475  |4 act 
700 1 |a Garcia, Rodrigo  |0 IT\ICCU\UBOV\593212  |4 drt 
700 1 |a McTeer, Janet  |0 IT\ICCU\UBOV\677165  |4 act 
752 |a it   |d Milano 
790 1 |a Black, Benjamin  |3 IT\ICCU\SBNV\028990  |z Banville, John 
942 |2 ddc  |c VM  |n 0 
952 |0 0  |1 0  |4 0  |6 VO_2014_000000000000000  |7 0  |9 26989  |a BO  |b BO  |d 2026-01-24  |i 16844  |l 0  |o VO 2014  |p BO16844  |r 2026-01-24 18:28:42  |w 2026-01-24  |x [Sebina 5] [1 dvd]  |y VM  |z 1 dvd 
999 |c 22834  |d 22834